[Event "Macieja Memorial"]
[Site "Warsaw POL"]
[Date "2024.07.08"]
[Round "11.12"]
[White "Maltsevskaya, Aleksandra"]
[Black "Sliwicki, Damian"]
[Result "1-0"]
[WhiteElo "2288"]
[BlackElo "2058"]
[EventDate "2024.07.08"]
[PlyCount "85"]

1.e4 c5 2.Nf3 g6 3.d4 cxd4 4.Nxd4 Nc6 5.c4 Nf6 6.Nc3 Nxd4 7.Qxd4 d6 8.Be3 Bg7 
9.f3 O-O 10.Qd2 Be6 11.Rc1 Qa5 12.Be2 Rac8 13.b3 Nd7 14.O-O f5 15.exf5 Bxf5 
16.Rfe1 a6 17.Bf1 b5 18.Nd5 Qxd2 19.Nxe7+ Kf7 20.Bxd2 Bd4+ 21.Be3 Bxe3+ 22.Rxe3 
Rc5 23.Nxf5 gxf5 24.Rd1 Ne5 25.cxb5 axb5 26.Rxd6 Ng6 27.b4 Rc1 28.Kf2 Ra8 
29.Bxb5 Rxa2+ 30.Re2 Raa1 31.Red2 f4 32.Rc6 Rcb1 33.Bc4+ Ke8 34.Rc7 Ne7 35.g3 
fxg3+ 36.hxg3 Rxb4 37.Re2 Rxc4 38.Rxc4 Kf8 39.Rf4+ Ke8 40.Rh4 Kf8 41.Rxh7 Nf5 
42.Rb2 Ra8 43.Rh8+ 1-0

[Event "Macieja Memorial"]
[Site "Warsaw POL"]
[Date "2024.07.08"]
[Round "11.13"]
[White "Pires, Emanuel Joao Robarts"]
[Black "Sriram, Jha"]
[Result "0-1"]
[WhiteElo "2032"]
[BlackElo "2191"]
[EventDate "2024.07.08"]
[PlyCount "160"]

1.e4 d6 2.h3 Nf6 3.Nc3 e5 4.Nf3 Be7 5.Bc4 O-O 6.O-O Nc6 7.d4 exd4 8.Nxd4 Re8 
9.Re1 Bf8 10.Bg5 h6 11.Bh4 Ne5 12.Bb3 c5 13.Nde2 a6 14.a4 Ng6 15.Bg3 Nxe4 
16.Bxf7+ Kxf7 17.Qd5+ Be6 18.Qxe4 d5 19.Qf3+ Qf6 20.Qh5 Qg5 21.Qxg5 hxg5 22.a5 
Rad8 23.Na4 Bf5 24.Rac1 d4 25.Nb6 Bd6 26.Bxd6 Rxd6 27.g4 Be6 28.Ng3 Nf4 29.Kh2 
Rh8 30.Nh5 Nxh5 31.gxh5 Rxh5 32.c3 Rxh3+ 33.Kg2 Rd3 34.cxd4 cxd4 35.Rc7+ Kf6 
36.Nc4 Bxc4 37.Rxc4 Rd2 38.b4 d3 39.Re3 Rb2 40.Re1 d2 41.Rd1 Rc6 42.Rd4 Rcc2 
43.Kf3 Ke5 44.Rd8 Rxb4 45.Ke3 Rbc4 46.Kf3 Rd4 47.Re8+ Kf6 48.Rb8 Rc1 49.Ke2 
Rxd1 50.Kxd1 Rd7 51.Rf8+ Ke5 52.f3 Ke6 53.Rg8 Kf7 54.Rc8 Kg6 55.Rc5 Rf7 56.Rc3 
Rd7 57.Rc5 Kf6 58.Rc4 Rd5 59.Rb4 Rb5 60.Rc4 Rxa5 61.Kxd2 Re5 62.Rc7 Re7 63.Rc8 
Kf5 64.Rf8+ Kg6 65.Kd3 Rf7 66.Rb8 Rxf3+ 67.Ke4 Rf7 68.Ke5 g4 69.Rc8 Kg5 70.Rc3 
Re7+ 71.Kd6 Re4 72.Rc7 g6 73.Rxb7 g3 74.Rb2 Kg4 75.Kd5 Re7 76.Rb6 g5 77.Rxa6 g2 
78.Ra1 Kg3 79.Kd4 Kh2 80.Ra2 Kh1 0-1

[Event "Macieja Memorial"]
[Site "Warsaw POL"]
[Date "2024.07.08"]
[Round "11.14"]
[White "Ashwath, Kaushik"]
[Black "Mickiewicz, Piotr"]
[Result "1-0"]
[WhiteElo "1881"]
[BlackElo "2168"]
[EventDate "2024.07.08"]
[PlyCount "115"]

1.e4 e5 2.Nf3 Nc6 3.Bc4 Bc5 4.c3 Nf6 5.d4 exd4 6.e5 d5 7.Bb5 Ne4 8.cxd4 Bb6 
9.Nc3 O-O 10.Be3 Bg4 11.h3 Bh5 12.Qc2 Bg6 13.Qb3 Nxc3 14.Bxc6 bxc6 15.Qxc3 Be4 
16.O-O Bxf3 17.gxf3 f6 18.Qxc6 fxe5 19.Qe6+ Kh8 20.Qxe5 Rxf3 21.Kg2 Rf6 22.Kh2 
c5 23.f4 Bc7 24.Qg5 Qd7 25.dxc5 Raf8 26.Rad1 Rg6 27.Qxd5 Qe7 28.Qf3 Qh4 29.Qf2 
Qh6 30.Rd7 Bb8 31.Qf3 Rgf6 32.Rd4 Be5 33.Re4 Bc7 34.b4 Rf5 35.a4 a6 36.b5 axb5 
37.axb5 Rh5 38.b6 Bb8 39.Qg4 Rhf5 40.Qf3 Qc6 41.Rd4 Qe6 42.Re4 Qf7 43.Qg4 h5 
44.Qf3 g5 45.Bd4+ Kh7 46.Qe3 gxf4 47.Qf3 Qg6 48.Rg1 Rg5 49.Re7+ Kh6 50.Bg7+ 
Qxg7 51.Rxg7 Rxg7 52.Rxg7 Kxg7 53.c6 Be5 54.c7 Re8 55.Qc6 f3+ 56.Kg1 Bd4+ 
57.Kf1 f2 58.Qxe8 1-0

[Event "Macieja Memorial"]
[Site "Warsaw POL"]
[Date "2024.07.08"]
[Round "11.15"]
[White "Gdanski, Jacek"]
[Black "Padalka, Artem"]
[Result "1-0"]
[WhiteElo "2315"]
[BlackElo "2101"]
[EventDate "2024.07.08"]
[PlyCount "107"]

1.e4 c5 2.Nc3 Nc6 3.Nf3 g6 4.Bb5 Nd4 5.Bc4 Bg7 6.Nxd4 cxd4 7.Qf3 e6 8.Nb5 d6 
9.Qg3 e5 10.Qa3 Bf8 11.Qb3 Qd7 12.Nxd4 a6 13.Ne2 Nf6 14.Nc3 Bg7 15.d3 O-O 
16.Nd5 Nxd5 17.Bxd5 Kh8 18.O-O f5 19.f4 fxe4 20.dxe4 Qe7 21.Bd2 Rb8 22.Qg3 Bd7 
23.c3 b5 24.h3 a5 25.a3 Bh6 26.Rf2 Bg7 27.Raf1 Rbc8 28.fxe5 Rxf2 29.Qxf2 Bxe5 
30.Bh6 Re8 31.Qf7 Qxf7 32.Rxf7 Bc8 33.Bc6 Rd8 34.Bxb5 Be6 35.Re7 Bb3 36.a4 Bf6 
37.Re8+ Rxe8 38.Bxe8 g5 39.Bc6 Kg8 40.Bd5+ Bxd5 41.exd5 Kf7 42.Kf2 Kg6 43.Bf8 
Be5 44.Be7 Kf5 45.Kf3 h5 46.g4+ hxg4+ 47.hxg4+ Kg6 48.Bd8 Bf4 49.Bxa5 Bc1 50.b4 
Kf6 51.Ke4 Bd2 52.b5 Bf4 53.b6 Ke7 54.b7 1-0

[Event "Macieja Memorial"]
[Site "Warsaw POL"]
[Date "2024.07.08"]
[Round "11.16"]
[White "Krasenkow, Michal"]
[Black "Zebracki, Tomasz"]
[Result "1-0"]
[WhiteElo "2376"]
[BlackElo "2048"]
[EventDate "2024.07.08"]
[PlyCount "43"]

1.d4 d5 2.c4 c6 3.Nc3 Nf6 4.e3 e6 5.Nf3 Nbd7 6.Qc2 Bd6 7.b3 O-O 8.Bb2 b6 9.Bd3 
Bb7 10.O-O Rc8 11.e4 dxe4 12.Nxe4 Nxe4 13.Bxe4 h6 14.Ne5 Qc7 15.f4 Rfd8 16.Bh7+ 
Kf8 17.Nxf7 Kxf7 18.Qg6+ Kf8 19.d5 Nc5 20.f5 exd5 21.f6 gxf6 22.Rxf6+ 1-0

[Event "Macieja Memorial"]
[Site "Warsaw POL"]
[Date "2024.07.08"]
[Round "11.17"]
[White "Grochulski, Grzegorz"]
[Black "Johannesson, Ingvar Thor"]
[Result "0-1"]
[WhiteElo "2023"]
[BlackElo "2365"]
[EventDate "2024.07.08"]
[PlyCount "54"]

1.e4 e6 2.b3 d5 3.Bb2 Nc6 4.Bb5 Ne7 5.Qe2 d4 6.Nf3 a6 7.Bxc6+ Nxc6 8.e5 Bc5 
9.Qe4 O-O 10.h4 f5 11.exf6 Qxf6 12.d3 Bb4+ 13.Nbd2 e5 14.O-O-O Bf5 15.Qe2 Qe7 
16.Kb1 a5 17.Ng5 a4 18.g4 Bd7 19.Qe4 g6 20.Ndf3 Ra5 21.Bc1 axb3 22.cxb3 Bc3 
23.h5 Rxa2 24.Qd5+ Be6 25.Qxe6+ Qxe6 26.Nxe6 Ra1+ 27.Kc2 Nb4# 0-1

[Event "Macieja Memorial"]
[Site "Warsaw POL"]
[Date "2024.07.08"]
[Round "11.18"]
[White "Nesterenko, Kyrylo"]
[Black "Mis, Mieszko"]
[Result "0-1"]
[WhiteElo "2091"]
[BlackElo "2344"]
[EventDate "2024.07.08"]
[PlyCount "70"]

1.d4 d6 2.Nf3 Bg4 3.e4 Nf6 4.Nc3 c6 5.h3 Bh5 6.a4 e6 7.Be2 d5 8.exd5 cxd5 9.Ne5 
Bxe2 10.Qxe2 Nc6 11.Nxc6 bxc6 12.O-O Bd6 13.a5 O-O 14.Qa6 Qc7 15.b3 Rfc8 16.Na4 
Ne4 17.Ba3 Bxa3 18.Rxa3 Qf4 19.Qd3 Rab8 20.Qa6 Rc7 21.Qd3 h5 22.Raa1 Rb4 23.Ra3 
Qf6 24.c3 Rb8 25.b4 e5 26.dxe5 Qxe5 27.Raa1 Re8 28.Rfe1 Rce7 29.Nc5 Qxc3 
30.Qxc3 Nxc3 31.Rxe7 Rxe7 32.Ra3 d4 33.Nd3 Re2 34.f3 Rd2 35.Ne5 Nb5 0-1

[Event "Macieja Memorial"]
[Site "Warsaw POL"]
[Date "2024.07.08"]
[Round "11.19"]
[White "Socko, Monika"]
[Black "Szczotka, Klara"]
[Result "1-0"]
[WhiteElo "2288"]
[BlackElo "2093"]
[EventDate "2024.07.08"]
[PlyCount "71"]

1.d4 Nf6 2.Nf3 d5 3.g3 e6 4.Bg2 c5 5.O-O Nbd7 6.b3 b6 7.Bb2 Bb7 8.c4 Rc8 9.cxd5 
exd5 10.Nc3 Bd6 11.dxc5 bxc5 12.e4 d4 13.e5 Bxf3 14.Bxf3 Nxe5 15.Nb5 a6 
16.Nxd6+ Qxd6 17.Bg2 O-O 18.Re1 a5 19.Qd2 a4 20.Rac1 axb3 21.axb3 Rfd8 22.b4 c4 
23.Qxd4 Nd3 24.Qxd6 Rxd6 25.Red1 Rcd8 26.Bxf6 gxf6 27.Rxc4 Ne5 28.Rxd6 Rxd6 
29.Rc1 Nd3 30.Rd1 Rd4 31.Bf1 Rxb4 32.Rxd3 Kg7 33.Kg2 Kg6 34.h4 f5 35.Rd6+ f6 
36.Rd5 1-0

[Event "Macieja Memorial"]
[Site "Warsaw POL"]
[Date "2024.07.08"]
[Round "11.20"]
[White "Gahan, M G"]
[Black "Maack, Kjartan"]
[Result "1-0"]
[WhiteElo "2237"]
[BlackElo "2030"]
[EventDate "2024.07.08"]
[PlyCount "161"]

1.d4 d5 2.Nc3 Nf6 3.Bf4 c5 4.e3 cxd4 5.exd4 a6 6.Nf3 Nc6 7.Qd2 e6 8.Bd3 Be7 
9.O-O-O b5 10.Kb1 Bb7 11.g4 Nb4 12.g5 Nd7 13.h4 Nxd3 14.Qxd3 b4 15.Ne2 a5 
16.Ne5 Nxe5 17.Bxe5 O-O 18.h5 Ba6 19.Qf3 Bxe2 20.Qxe2 Bxg5 21.h6 g6 22.Rdg1 Bf6 
23.f4 a4 24.Qd3 Bxe5 25.fxe5 Qb6 26.Rg4 Rfc8 27.Qf3 Qd8 28.Rf1 Qe7 29.Rf4 Ra7 
30.Qd3 Qg5 31.Qb5 a3 32.Rxf7 Rxf7 33.Rxf7 Kxf7 34.Qd7+ Qe7 35.Qxc8 axb2 36.Qh8 
Qg5 37.Qxh7+ Ke8 38.Kxb2 Qd2 39.Qxg6+ Kd7 40.Qf7+ Kd8 41.Qf8+ Kd7 42.Qd6+ Ke8 
43.Qxe6+ Kf8 44.Qf6+ Ke8 45.Qc6+ Kf8 46.Qc5+ Kf7 47.Qxd5+ Kg6 48.Qd6+ Kh7 
49.Qc7+ Kxh6 50.Qc6+ Kg7 51.Qc5 Kf7 52.Qc4+ Ke8 53.Kb3 Kd7 54.Qb5+ Ke6 55.Qc4+ 
Kd7 56.Qxb4 Qe3+ 57.c3 Qd3 58.Qb7+ Ke6 59.Qc6+ Ke7 60.Qf6+ Kd7 61.e6+ Kc8 
62.Qf8+ Kc7 63.Qc5+ Kd8 64.Qd6+ Kc8 65.e7 Qb1+ 66.Ka3 Qc1+ 67.Kb4 Qb2+ 68.Kc5 
Qa3+ 69.Kd5 Qxa2+ 70.Ke5 Qh2+ 71.Ke6 Qh3+ 72.Kd5 Qf3+ 73.Kc4 Qe2+ 74.Kb4 Qb2+ 
75.Ka4 Qc2+ 76.Kb4 Qb2+ 77.Kc4 Qe2+ 78.Kc5 Qh5+ 79.Qe5 Qe8 80.Qe6+ Kb7 81.Qb6+ 1-0

[Event "Macieja Memorial"]
[Site "Warsaw POL"]
[Date "2024.07.08"]
[Round "11.21"]
[White "Sanz Wawer, Daniel"]
[Black "Kaminski, Maciej"]
[Result "1-0"]
[WhiteElo "2216"]
[BlackElo "2019"]
[EventDate "2024.07.08"]
[PlyCount "53"]

1.e4 e5 2.Nf3 Nc6 3.Bb5 Bb4 4.c3 Ba5 5.O-O Nge7 6.d4 exd4 7.cxd4 d5 8.exd5 Qxd5 
9.Qe2 O-O 10.Nc3 Bxc3 11.bxc3 Bg4 12.Bf4 Bxf3 13.gxf3 Qh5 14.Bxc7 Nd5 15.Bxc6 
bxc6 16.Bg3 Nxc3 17.Qd3 Nd5 18.Rac1 Rac8 19.Rfe1 a5 20.Kg2 Nb4 21.Qc4 Qb5 
22.Re5 Qb7 23.Rxa5 Nd5 24.Rc5 Qb2 25.Rc2 Qb1 26.Rxd5 cxd5 27.Qxc8 1-0

[Event "Macieja Memorial"]
[Site "Warsaw POL"]
[Date "2024.07.08"]
[Round "11.22"]
[White "Szustakowski, Antoni"]
[Black "Jedrusik, Adam"]
[Result "1-0"]
[WhiteElo "2207"]
[BlackElo "1998"]
[EventDate "2024.07.08"]
[PlyCount "81"]

1.Nf3 d5 2.g3 Bg4 3.Bg2 Nd7 4.d4 Ngf6 5.O-O e6 6.c4 c6 7.Qb3 Qb6 8.cxd5 Qxb3 
9.axb3 exd5 10.Nc3 Bd6 11.Be3 O-O 12.Ra4 a6 13.Raa1 Rfe8 14.Na4 h6 15.Nc5 Bxc5 
16.dxc5 Bxf3 17.Bxf3 Rxe3 18.fxe3 Nxc5 19.b4 Ncd7 20.b5 cxb5 21.Rfc1 Re8 22.Kf2 
Ne5 23.Rc7 Neg4+ 24.Kg1 Nxe3 25.Rxb7 Nc4 26.Rxa6 Nxb2 27.Rxb5 Nc4 28.Rb7 Ne5 
29.Raa7 g6 30.Re7 Nxf3+ 31.exf3 Rf8 32.Kf2 Kg7 33.Ke3 h5 34.Kd4 Kg8 35.h3 Kg7 
36.g4 hxg4 37.hxg4 g5 38.Re5 Kg6 39.Ra6 Rc8 40.Rf5 Rc4+ 41.Kd3 1-0

[Event "Macieja Memorial"]
[Site "Warsaw POL"]
[Date "2024.07.08"]
[Round "11.23"]
[White "Mulawa, Cyprian"]
[Black "Wiech, Grzegorz"]
[Result "1-0"]
[WhiteElo "2178"]
[BlackElo "1997"]
[EventDate "2024.07.08"]
[PlyCount "157"]

1.Nf3 c5 2.c4 Nf6 3.Nc3 g6 4.e3 Bg7 5.d4 cxd4 6.exd4 O-O 7.Bg5 d6 8.Be2 Nc6 
9.O-O Bg4 10.h3 Bxf3 11.Bxf3 h6 12.Be3 e5 13.dxe5 Nxe5 14.Be2 Rc8 15.b3 a6 
16.Qd2 Kh7 17.Rad1 Qa5 18.Nd5 Qxd2 19.Nxf6+ Bxf6 20.Rxd2 Be7 21.Rfd1 f5 22.f4 
Nd7 23.Bf3 Rc7 24.Rd5 Nf6 25.R5d3 Re8 26.a4 Ne4 27.Bxe4 fxe4 28.Rd5 Bf8 29.g3 
Kg8 30.Kf2 Kf7 31.Bd2 Rc5 32.Bb4 Rxd5 33.Rxd5 e3+ 34.Ke2 Re6 35.Rd3 h5 36.Rxe3 
Rxe3+ 37.Kxe3 Ke6 38.Ke4 Bg7 39.g4 hxg4 40.hxg4 Bb2 41.Bd2 Ba3 42.Be3 Bb4 
43.Bd4 Ba3 44.f5+ gxf5+ 45.gxf5+ Kf7 46.Kd5 Bb4 47.Bf2 Kf6 48.Ke4 Ba3 49.Bh4+ 
Kf7 50.Kd5 Bb4 51.Bd8 Bc5 52.Bc7 Ke7 53.a5 Bb4 54.Bb6 Kf6 55.Ke4 Ke7 56.Bc7 Kf6 
57.Bd8+ Kf7 58.Kd5 Ke8 59.Bb6 Kf7 60.Bc7 Kf6 61.Bxd6 Bxa5 62.Ke4 Bd8 63.Be5+ 
Kf7 64.Kd5 Ke7 65.Bg3 Kd7 66.Be5 Ke7 67.f6+ Kd7 68.Bd4 Bc7 69.Bc5 Bf4 70.f7 Bh6 
71.f8=Q Bxf8 72.Bxf8 Kc7 73.b4 Kb6 74.Bc5+ Kc7 75.Be3 Kd7 76.Kc5 Kc7 77.Bf4+ 
Kd8 78.Kb6 Kc8 79.Bc7 1-0

[Event "Macieja Memorial"]
[Site "Warsaw POL"]
[Date "2024.07.08"]
[Round "11.24"]
[White "Leszczewicz, Karol"]
[Black "Czernek, Tymon"]
[Result "0-1"]
[WhiteElo "1851"]
[BlackElo "2253"]
[EventDate "2024.07.08"]
[PlyCount "100"]

1.d4 Nf6 2.Nf3 g6 3.Bg5 Bg7 4.Nbd2 d5 5.e3 O-O 6.Bd3 b6 7.O-O Bb7 8.Ne5 Nbd7 
9.Ndf3 Nxe5 10.Nxe5 Ne4 11.Bf4 c5 12.c3 Rc8 13.Re1 f6 14.Nf3 Nd6 15.Rc1 Qd7 
16.Bxd6 Qxd6 17.dxc5 bxc5 18.e4 Kh8 19.exd5 Bxd5 20.c4 Bc6 21.Be4 Bxe4 22.Qxd6 
exd6 23.Rxe4 f5 24.Re2 Rfe8 25.Rce1 Rxe2 26.Rxe2 Kg8 27.b3 Rd8 28.Re7 d5 
29.cxd5 Rxd5 30.g3 a5 31.Ra7 Bc3 32.Ng5 Rd2 33.a4 Bd4 34.Ra8+ Kg7 35.Ne6+ Kf6 
36.Nxd4 cxd4 37.Rxa5 Ke6 38.Kf1 Rb2 39.Rb5 d3 40.Ke1 Re2+ 41.Kf1 Re4 42.Rb6+ 
Kd7 43.Rb5 Kc6 44.f3 d2 45.fxe4 d1=Q+ 46.Kf2 fxe4 47.Rb8 Qf3+ 48.Kg1 e3 49.a5 
Qf2+ 50.Kh1 Qf1# 0-1

[Event "Macieja Memorial"]
[Site "Warsaw POL"]
[Date "2024.07.08"]
[Round "11.25"]
[White "Gbiorczyk, Mikolaj"]
[Black "Zawadzka, Jolanta"]
[Result "0-1"]
[WhiteElo "1967"]
[BlackElo "2185"]
[EventDate "2024.07.08"]
[PlyCount "116"]

1.e4 c5 2.d4 cxd4 3.c3 d3 4.Bxd3 d6 5.c4 Nf6 6.Nc3 e6 7.Nf3 Be7 8.O-O O-O 9.h3 
Nc6 10.Be3 b6 11.Rc1 Bb7 12.Bb1 Rc8 13.b3 a6 14.Qe2 Nd7 15.Nd2 Qc7 16.f4 Bf6 
17.Qf2 Ba8 18.Nf3 Qb7 19.Rfd1 Be7 20.Qc2 g6 21.Qe2 Rfd8 22.Bf2 Bf8 23.Rd2 Re8 
24.Qd1 b5 25.cxb5 axb5 26.Bd3 b4 27.Nb5 Nc5 28.Bxc5 dxc5 29.Bc4 Na5 30.Re2 Red8 
31.Qc2 Nxc4 32.Qxc4 Qb6 33.a4 bxa3 34.Nxa3 Rb8 35.Re3 Qb4 36.Qxb4 Rxb4 37.Nc4 
Rdb8 38.Rcc3 Bg7 39.e5 Bd5 40.Kh2 Bf8 41.Nfd2 Ra8 42.Nd6 Ra2 43.Nf3 Rxf4 44.Kg3 
Rb4 45.Rxc5 Rxb3 46.Rxb3 Bxb3 47.Rc8 Bd5 48.Ne8 Ra8 49.Nf6+ Kg7 50.Rc3 Be7 
51.Ng4 h5 52.Ne3 Be4 53.Nd2 Bf5 54.Rc7 Bd8 55.Rd7 Bb6 56.Nec4 Bc5 57.Nd6 Ra3+ 
58.Nf3 Bxd6 0-1

[Event "Macieja Memorial"]
[Site "Warsaw POL"]
[Date "2024.07.08"]
[Round "11.26"]
[White "Lecki, Leonard"]
[Black "Karwowski, Kacper"]
[Result "1-0"]
[WhiteElo "1941"]
[BlackElo "2184"]
[EventDate "2024.07.08"]
[PlyCount "87"]

1.e4 e5 2.Nc3 Nc6 3.Bc4 Bc5 4.Qg4 g6 5.Qf3 Qf6 6.Nd5 Qxf3 7.Nxf3 Bd6 8.c3 Nce7 
9.d4 Nxd5 10.Bxd5 exd4 11.Ng5 Nh6 12.cxd4 Bb4+ 13.Bd2 Bxd2+ 14.Kxd2 c6 15.Bb3 
f6 16.Nf3 d6 17.Rhe1 Ke7 18.e5 fxe5 19.dxe5 d5 20.Nd4 Be6 21.f4 Raf8 22.g3 Ng4 
23.Re2 h5 24.Bc2 Bf5 25.Nxf5+ gxf5 26.Rg1 Ke6 27.Kc3 Rfg8 28.Kd4 Nh6 29.Reg2 
Nf7 30.h3 Nh6 31.Bd1 h4 32.gxh4 Rxg2 33.Rxg2 Nf7 34.Rg6+ Ke7 35.h5 Rh7 36.e6 
Nd6 37.b3 Ne4 38.Ke5 Nf2 39.Be2 Nxh3 40.h6 Kf8 41.Kf6 Nf2 42.e7+ Rxe7 43.Bf3 
Rf7+ 44.Ke6 1-0

[Event "Macieja Memorial"]
[Site "Warsaw POL"]
[Date "2024.07.08"]
[Round "11.27"]
[White "Zalega, Maciej"]
[Black "Mizzi, Jack"]
[Result "0-1"]
[WhiteElo "1922"]
[BlackElo "2127"]
[EventDate "2024.07.08"]
[PlyCount "102"]

1.e4 c6 2.d4 d5 3.Nc3 dxe4 4.Nxe4 Bf5 5.Ng3 Bg6 6.Nh3 e6 7.Bc4 Bd6 8.c3 Nf6 
9.Nf4 Bxf4 10.Bxf4 Nd5 11.Qf3 Qf6 12.Bxd5 cxd5 13.Qe3 Qe7 14.h4 h6 15.h5 Bh7 
16.O-O Nd7 17.Rfe1 O-O 18.Nf1 Nf6 19.Qf3 Be4 20.Qh3 Qd7 21.Qh4 Kh7 22.g4 e5 
23.dxe5 Qxg4+ 24.Qxg4 Nxg4 25.Nd2 g5 26.hxg6+ fxg6 27.Bg3 Bf3 28.Nxf3 Rxf3 
29.Kg2 Rd3 30.Rad1 Rxd1 31.Rxd1 h5 32.Rxd5 b6 33.Bf4 Rf8 34.Rd7+ Kg8 35.Bg3 Re8 
36.Rxa7 Nxe5 37.Bxe5 Rxe5 38.Rb7 b5 39.b3 Rg5+ 40.Kf1 h4 41.f4 Rg4 42.Rxb5 h3 
43.Rg5 h2 44.Rxg4 h1=Q+ 45.Kf2 Kf7 46.c4 Qa1 47.Rg3 Qxa2+ 48.Kg1 Kf6 49.c5 Kf5 
50.Rg5+ Kxf4 51.Rxg6 Qb1+ 0-1

[Event "Macieja Memorial"]
[Site "Warsaw POL"]
[Date "2024.07.08"]
[Round "11.28"]
[White "Syrkiewicz, Michal"]
[Black "Skurniak, Szymon"]
[Result "1-0"]
[WhiteElo "1930"]
[BlackElo "2107"]
[EventDate "2024.07.08"]
[PlyCount "78"]

1.e4 c5 2.Nf3 d6 3.d4 cxd4 4.Nxd4 Nf6 5.Nc3 Nc6 6.Be3 e5 7.Nf3 h6 8.h3 Be6 
9.Be2 Be7 10.O-O O-O 11.a3 Rc8 12.Qd2 d5 13.exd5 Nxd5 14.Nxd5 Qxd5 15.Rfd1 Rfd8 
16.Qxd5 Bxd5 17.c4 Be6 18.b4 e4 19.Nd4 Nxd4 20.Bxd4 Bxc4 21.Bxc4 Rxc4 22.Bxa7 
Ra8 23.Be3 Rc3 24.Rd4 Bf6 25.Rdd1 Raxa3 26.Rxa3 Rxa3 27.Rd7 Be5 28.g3 Bxg3 
29.Rxb7 Be5 30.Re7 f6 31.b5 Ra8 32.b6 Rb8 33.b7 Kf8 34.Rd7 Re8 35.Kg2 f5 
36.Bc5+ Kg8 37.Bb6 Bb8 38.Bc7 Kh7 39.Bxb8 Rxb8 1-0

[Event "Macieja Memorial"]
[Site "Warsaw POL"]
[Date "2024.07.08"]
[Round "11.29"]
[White "Goraj, Barbara"]
[Black "Kazmierowski, Tymon"]
[Result "1-0"]
[WhiteElo "2095"]
[BlackElo "1982"]
[EventDate "2024.07.08"]
[PlyCount "123"]

1.Nf3 Nf6 2.c4 e6 3.g3 c5 4.Bg2 Nc6 5.O-O d5 6.b3 Be7 7.Bb2 O-O 8.e3 b6 9.Nc3 
Bb7 10.cxd5 exd5 11.d4 Rc8 12.Rc1 cxd4 13.Nxd4 Nxd4 14.Qxd4 Bc5 15.Qa4 Bc6 
16.Qf4 d4 17.exd4 Qxd4 18.Qxd4 Bxd4 19.Na4 Bxb2 20.Nxb2 Bxg2 21.Kxg2 Rfd8 
22.Nc4 Kf8 23.Rfd1 Ne4 24.f3 Nc5 25.Rxd8+ Rxd8 26.b4 Nd3 27.Rb1 Re8 28.Kf1 Ne5 
29.Nxe5 Rxe5 30.Kf2 Rd5 31.Ke3 Ke7 32.b5 Rc5 33.Kd3 Kd6 34.a4 Rd5+ 35.Kc3 Rh5 
36.h4 Rf5 37.f4 Rd5 38.Re1 Rc5+ 39.Kb3 Rd5 40.Re3 Rd1 41.Rc3 Rg1 42.Kb2 Rg2+ 
43.Kb3 Kd5 44.Kb4 Kd4 45.Rc7 Rxg3 46.Rxa7 Rg1 47.Rd7+ Ke4 48.a5 Rb1+ 49.Kc4 
bxa5 50.Rxf7 a4 51.Rxg7 Kxf4 52.Rxh7 Kg4 53.Ra7 Kxh4 54.Rxa4 Kg5 55.Kc5 Kf6 
56.Rc4 Ke7 57.Kc6 Kd8 58.Rh4 Rc1+ 59.Kb7 Kd7 60.Rd4+ Ke6 61.b6 Ke5 62.Rd2 1-0

[Event "Macieja Memorial"]
[Site "Warsaw POL"]
[Date "2024.07.08"]
[Round "11.30"]
[White "Kotowicz, Kamil"]
[Black "Terkiewicz, Bruno"]
[Result "1-0"]
[WhiteElo "1892"]
[BlackElo "2084"]
[EventDate "2024.07.08"]
[PlyCount "113"]

1.d4 Nf6 2.c4 e6 3.g3 c5 4.d5 exd5 5.cxd5 d6 6.Bg2 g6 7.Nc3 Bg7 8.Nf3 O-O 9.O-O 
Re8 10.Nd2 a6 11.a4 Nbd7 12.Nc4 Nb6 13.Na3 Bf5 14.Bf4 Nh5 15.a5 Nc8 16.Nc4 Nxf4 
17.gxf4 b5 18.axb6 Nxb6 19.Ne3 Bd7 20.Ra3 Qh4 21.Bf3 Qxf4 22.Ng2 Qg5 23.Qc1 
Qxc1 24.Rxc1 Nc4 25.Ra2 Reb8 26.Rc2 Nxb2 27.Rcxb2 Rxb2 28.Rxb2 Bxc3 29.Rb7 Be8 
30.Rb6 Be5 31.Be4 a5 32.f4 Bg7 33.Rxd6 a4 34.Bb1 Rb8 35.Bc2 Rb2 36.Rd8 Kf8 
37.Bxa4 Bd4+ 38.e3 Rb1+ 39.Kf2 Rb2+ 40.Kf3 Bf6 41.Rxe8+ Kg7 42.d6 Rd2 43.d7 c4 
44.Rc8 c3 45.e4 g5 46.e5 g4+ 47.Kxg4 Be7 48.Ne3 h5+ 49.Kf3 c2 50.Nxc2 Rd3+ 
51.Ne3 f6 52.exf6+ Kxf6 53.Ke4 Rd2 54.Nd5+ Ke6 55.Nxe7 Kxe7 56.Re8+ Kf7 57.d8=Q 1-0

[Event "Macieja Memorial"]
[Site "Warsaw POL"]
[Date "2024.07.08"]
[Round "11.31"]
[White "Fiszer, Bartosz"]
[Black "Smetek, Michal"]
[Result "1-0"]
[WhiteElo "2080"]
[BlackElo "1979"]
[EventDate "2024.07.08"]
[PlyCount "139"]

1.Nf3 d5 2.c4 c6 3.Qc2 Nf6 4.g3 e6 5.Bg2 Be7 6.O-O O-O 7.d3 a5 8.e4 dxe4 9.dxe4 
Na6 10.Nc3 Nb4 11.Qb1 Nd7 12.Be3 e5 13.Rd1 Qc7 14.Ne1 Nc5 15.a3 Nba6 16.b4 Ne6 
17.c5 Bg5 18.Na4 Bxe3 19.fxe3 Ng5 20.h4 Nh3+ 21.Kf1 Bg4 22.Bf3 Be6 23.Kg2 Rad8 
24.g4 h5 25.Kxh3 Qe7 26.Kg3 hxg4 27.Be2 f5 28.Rxd8 Qxd8 29.exf5 Bxf5 30.e4 Be6 
31.Qd3 Qf6 32.Ng2 Qf2+ 33.Kh2 g3+ 34.Kh1 axb4 35.Rf1 bxa3 36.Rxf2 gxf2 37.Ne3 
a2 38.Nc2 Nb4 39.Qd6 Nxc2 40.Qxe6+ Kh7 41.Qxa2 Ne3 42.Qb3 f1=Q+ 43.Bxf1 Rxf1+ 
44.Kh2 Re1 45.Nc3 Ng4+ 46.Kg2 Nf6 47.Qf7 Rc1 48.Ne2 Rxc5 49.Qxb7 Rc2 50.Kf1 c5 
51.Qc7 c4 52.Qxe5 Ra2 53.Qf5+ Kh8 54.e5 Ra1+ 55.Kf2 Nd5 56.Qh5+ Kg8 57.e6 Nf6 
58.Qf7+ Kh7 59.e7 Ra8 60.Qxc4 Re8 61.Qd3+ Kg8 62.Qc4+ Kh7 63.Qc7 Nd5 64.Qe5 Nf6 
65.Qe6 Rb8 66.Nf4 Rb2+ 67.Ke1 Rb1+ 68.Kd2 Rb2+ 69.Kc1 Rb8 70.Nd5 1-0

[Event "Macieja Memorial"]
[Site "Warsaw POL"]
[Date "2024.07.08"]
[Round "11.32"]
[White "Alvarado, Carlos"]
[Black "Tsiapko, Andrii"]
[Result "0-1"]
[WhiteElo "2040"]
[BlackElo "1930"]
[EventDate "2024.07.08"]
[PlyCount "92"]

1.Nf3 d5 2.b3 Nf6 3.Bb2 e6 4.g3 Be7 5.Bg2 O-O 6.O-O c5 7.e3 Nc6 8.a3 d4 9.Qe2 
e5 10.e4 h6 11.d3 Be6 12.Nbd2 b5 13.Nh4 g6 14.Bc1 Nd7 15.Nhf3 Kh7 16.Ne1 Rc8 
17.f4 f5 18.exf5 Bxf5 19.Ne4 exf4 20.Bxf4 Nde5 21.h3 c4 22.bxc4 bxc4 23.g4 Be6 
24.Bg3 Rxf1+ 25.Bxf1 c3 26.Nf3 Nxf3+ 27.Qxf3 Qf8 28.Qe2 Qf7 29.Bg2 Rf8 30.Nd6 
Bxd6 31.Bxd6 Rc8 32.Rf1 Qd7 33.Bf4 Bd5 34.Bxd5 Qxd5 35.Re1 Rf8 36.Bg3 Qf7 
37.Bd6 Rd8 38.Rf1 Qg7 39.Bc5 Ne5 40.Qe4 Re8 41.Bxd4 Nf3+ 42.Rxf3 Rxe4 43.Bxg7 
Re1+ 44.Kg2 Rc1 45.Bd4 Rxc2+ 46.Kg3 Ra2 0-1

[Event "Macieja Memorial"]
[Site "Warsaw POL"]
[Date "2024.07.08"]
[Round "11.33"]
[White "Starosta, Martyna"]
[Black "Barwinska, Ewa"]
[Result "1-0"]
[WhiteElo "2037"]
[BlackElo "1927"]
[EventDate "2024.07.08"]
[PlyCount "63"]

1.e4 c5 2.Nf3 e6 3.d4 cxd4 4.Nxd4 a6 5.Bd3 Qc7 6.O-O Nc6 7.Be3 Nf6 8.f4 d6 
9.Nc3 Be7 10.Qf3 Bd7 11.Rae1 Rc8 12.Kh1 b5 13.a3 Nxd4 14.Bxd4 Bc6 15.Qg3 O-O 
16.e5 Nh5 17.Qh3 g6 18.Ne4 Bxe4 19.Bxe4 d5 20.Bd3 Bc5 21.Bxc5 Qxc5 22.g4 Ng7 
23.Qh6 f5 24.exf6 Rxf6 25.Rf3 Qc7 26.Rh3 Ne8 27.g5 Rf7 28.Bxg6 Rg7 29.Bd3 Qxf4 
30.Rf1 Qxg5 31.Bxh7+ Kh8 32.Rf8+ 1-0

[Event "Macieja Memorial"]
[Site "Warsaw POL"]
[Date "2024.07.08"]
[Round "11.34"]
[White "Zbrzezny, Aleksander"]
[Black "Wieckowski, Michal"]
[Result "0-1"]
[WhiteElo "2016"]
[BlackElo "1904"]
[EventDate "2024.07.08"]
[PlyCount "66"]

1.d4 Nf6 2.c4 e6 3.Nc3 c5 4.d5 d6 5.e4 exd5 6.cxd5 g6 7.f3 Bg7 8.Be3 O-O 9.Qd2 
Re8 10.Bd3 a6 11.Nge2 b5 12.g4 Nbd7 13.Ng3 Ne5 14.Be2 b4 15.Nd1 Bd7 16.h4 Bb5 
17.Nf2 Rc8 18.h5 Bxe2 19.Qxe2 c4 20.hxg6 fxg6 21.O-O-O Nfd7 22.Bh6 Nd3+ 23.Kb1 
Be5 24.f4 Nxf4 25.Qd2 c3 26.Qc2 cxb2 27.Qd2 Qf6 28.Nd3 Nxd3 29.Qxd3 Rc3 30.Qd2 
Rxg3 31.Bg5 Qf7 32.Qxb4 Nc5 33.Qe1 Na4 0-1

[Event "Macieja Memorial"]
[Site "Warsaw POL"]
[Date "2024.07.08"]
[Round "11.35"]
[White "Sanz Losada, Victoriano"]
[Black "Pietrzak, Wojciech"]
[Result "1-0"]
[WhiteElo "1999"]
[BlackElo "1870"]
[EventDate "2024.07.08"]
[PlyCount "57"]

1.d4 d5 2.c4 dxc4 3.Nf3 Nf6 4.e3 Bf5 5.Bxc4 e6 6.Nc3 c6 7.O-O Be7 8.h3 h6 9.Qe2 
O-O 10.e4 Bh7 11.Bf4 Nbd7 12.Rad1 b5 13.Bd3 Qa5 14.a3 c5 15.Bxb5 cxd4 16.Nxd4 
Rfe8 17.e5 Nd5 18.Nxd5 exd5 19.Bxd7 Red8 20.Bf5 g6 21.Bb1 Rac8 22.Bxh6 Rc4 
23.e6 f6 24.Ba2 Rc7 25.Bf4 Rb7 26.Nc6 Qc5 27.Nxd8 Bxd8 28.Rxd5 Qe7 29.Rxd8+ 1-0

[Event "Macieja Memorial"]
[Site "Warsaw POL"]
[Date "2024.07.08"]
[Round "11.36"]
[White "Szlod, Wiktor"]
[Black "Majek, Kacper"]
[Result "1-0"]
[WhiteElo "1783"]
[BlackElo "1996"]
[EventDate "2024.07.08"]
[PlyCount "137"]

1.e4 e5 2.Nf3 Nc6 3.Bc4 Bc5 4.O-O Nf6 5.Re1 d6 6.h3 O-O 7.c3 a5 8.d4 Ba7 9.Bg5 
h6 10.Bh4 g5 11.Bg3 Qe7 12.dxe5 dxe5 13.Bd5 Rd8 14.Qe2 Nxd5 15.exd5 Rxd5 16.c4 
Nd4 17.Nxd4 Rxd4 18.Bxe5 Rd8 19.Nc3 f6 20.Bg3 Qxe2 21.Rxe2 c6 22.Re7 Bf5 
23.Rxb7 Rd2 24.Re1 Bc5 25.Ne4 Bxe4 26.Rxe4 Rad8 27.Re6 f5 28.Rg6+ Kf8 29.Rxc6 
f4 30.Rxc5 fxg3 31.fxg3 Rd1+ 32.Kh2 Ra1 33.Rf5+ Ke8 34.a3 Rdd1 35.g4 Rh1+ 
36.Kg3 Rhe1 37.Rbb5 a4 38.Rbe5+ Rxe5 39.Rxe5+ Kf7 40.Ra5 Rb1 41.Rxa4 Rxb2 
42.Rb4 Ra2 43.Rb3 Rc2 44.Rb4 Rc3+ 45.Kh2 Rxa3 46.Rb2 Rc3 47.Rb7+ Kg6 48.Rb6+ 
Kg7 49.Rc6 Kh7 50.Kg1 Rc2 51.Kf1 Kg7 52.g3 Kh7 53.h4 Rc3 54.Kg2 Rc2+ 55.Kh3 Kg7 
56.hxg5 hxg5 57.Rc7+ Kg6 58.c5 Rc1 59.Kg2 Rc2+ 60.Kf3 Rc3+ 61.Kf2 Rc2+ 62.Kg1 
Kf6 63.c6 Kg6 64.Rc8 Kg7 65.c7 Kf7 66.Kf1 Kg7 67.Ke1 Kf7 68.Kd1 Rc4 69.Rh8 1-0